000 00365 a2200157 4500
001 60040
020 _a9788537701089
040 _cAnchieta - Pituba
100 _aCoiclès, Joël
240 1 0 _aEstado e sociedade
_lpor
245 1 0 _aEstado e sociedade
300 _a128
362 0 _a2007
650 4 _aEducação, pesquisa e tópicos relacionados
942 _cBK
999 _c60040
_d60040